Statistics for 2022 Year in Review

Click here to take the quiz!

General Stats

  • This quiz has been taken 139 times
  • The average score is 15 of 22

Answer Stats

HintAnswer% Correct
Russia deploys armed forces in this countryUkraine
99%
During the 2022 Academy Awards presentation, this actor slaps Chris Rock in the faceWill Smith
93%
These two Nordic countries apply to join NATOFinland
91%
Elon Musk buys this social media platform for roughly $44 billionTwitter
91%
These two Nordic countries apply to join NATOSweden
87%
Shinzo Abe, former Prime Minister of this country, is assassinatedJapan
83%
The FIFA World Cup is hosted by this countryQatar
83%
This French president is re-electedEmmanuel Macron
78%
The 2022 Winter Olympics are held in this cityBeijing
75%
Anti-government protests erupt in this country after the death of a young woman called Mahsa AminiIran
75%
The nationwide legalisation of this contraceptive control is overturned in the United StatesAbortion
73%
This British Prime Minister resigns 45 days after being electedLiz Truss
71%
This U.S. state suffers its worst ever school shooting with 21 casualties in the town of UvaldeTexas
69%
This former Soviet president dies aged 91Mikhail Gorbachev
67%
This Swiss tennis champion announces his retirement, aged 41Roger Federer
64%
American politician Nancy Pelosi makes the controversial decision to visit this disputed islandTaiwan
59%
Queen Elizabeth II dies aged 96, just after celebrating this anniversary of her lengthy reign{Platinum} Jubilee
54%
A 5.6 magnitude earthquake on this Indonesian island kills over 300 peopleJava
48%
This African country reaches a population of 100 million peopleD.R. Congo
41%
156 people die in a stampede in South Korea after a party for this holidayHalloween
40%
A jet travelling from Kunming to this Chinese city crashes, killing all 132 passengersGuangzhou
26%
A stabbing in this Canadian province kills 12 and injures 18 moreSaskatchewan
25%

Score Distribution

Percentile by Number Answered

Percent of People with Each Score

Your Score History

You have not taken this quiz